000 00622nam a2200193 a 4500
001 000042748
005 20201002040352.0
008 140206s1998 sp 000 0 spa d
020 _a8440689284
040 _aDO-SdBNP
_bspa
_cBNPHU
100 1 _aOvejero, José
_970071
245 1 0 _aChina para hipocondríacos. /
_cJosé Ovejero.
260 _aBarcelona, :
_bEdiciones B,
_c1998.
300 _a300 p. ;
_c24 cm.
490 1 _aBiblioteca Grandes Viajeros
500 _aIncluye datos biografícos del autor en la solapa de la portada
504 _aBibliografía p: 299-300
830 0 _aBiblioteca Grandes Viajeros
_969748
999 _c42237
_d42237